Números complejos 2 /
Guardado en:
| Autor Principal: | |
|---|---|
| Formato: | Libro |
| Publicado: |
Buenos Aires :
Cuarta Dimension,
1969
|
| Edición: | 2a. ed. |
| Materias: | |
| Etiquetas: |
Agregar Etiqueta
Sin Etiquetas, Sea el primero en etiquetar este registro!
|
| LEADER | 00730nam a22002055a 4500 | ||
|---|---|---|---|
| 001 | CEM.cems006191 | ||
| 005 | 20060214000000.0 | ||
| 008 | 130507s1969##################000#0#####d | ||
| 003 | CEMS | ||
| 082 | 0 | 4 | |a 511.2 |
| 100 | 1 | |a Tapia, Nelly Vazquez De | |
| 245 | 1 | 0 | |a Números complejos 2 / |
| 250 | |a 2a. ed. | ||
| 260 | |a Buenos Aires : |b Cuarta Dimension, |c 1969 | ||
| 300 | |a 45 p. | ||
| 505 | 0 | |a Capitalización; Actualización; Imposiciónes a interes compuesto; Amortizaciónes e interes compuesto; Rentas; Sistemas de amortizacción | |
| 653 | |a Matematica | ||
| 653 | |a Numeros complejos | ||
| 859 | |a CEMS |b BIB. CEMS - 11 de abril |h 511.2 |i T162a2/2 |p 10460.81 |t Ej.2 | ||
| 859 | |a CEMS |b BIB. CEMS - 11 de abril |h 511.2 |i T162a2/2 |p 12891.84 |t Ej.1 | ||
